LEADER 01129nam a2200241 i 4500 001 000000172858 003 CaOOAMICUS 005 20080701000000.0 008 080701s1893 gw u000 u ger u 013 $a150302 040 $aSeMil$bita 100 1 $aChamisso, Adalbert : von <1781-1838>.$0(OLS)http://semarc/name/8777 240 10$aGedichte, 1. Teil : Gelegenheitsgedichte und an Personen ; Dramatisches.$0(OLS)http://semarc/title/247642 245 10$a1. 260 $aStuttgart :$bCotta'sche Buchhandlung,$c[1893] 300 $a360 p., [1] ritr. ;$c19 cm. 490 0 $aCotta'sche Bibliothek der Weltlitteratur 773 0 $aChamisso, Adalbert : von <1781-1838>$tChamissos gesammelte Werke.$bNeu durchgesehene Auslage.$dStuttgart : Cotta'sche Buchhandlung, [1893-1893]$g1$w()19704 830 0$aCotta'sche Bibliothek der Weltlitteratur.$0(OLS)http://semarc/title/25930 850 $aSeMil 852 $aSeMil$W1$xVenegono$y1$mUFFICIO 001 FA$j123710$B123710$CSeMilBibl$Z2$F134820 $8I 996 $6245$a1$9(OLS)http://semarc/title/6508 996 $6260$aStuttgart :$bCotta'sche Buchhandlung$9(OLS)http://semarc/publisher/35186 LEADER 01191nam a2200229 i 4500 001 000000000624 003 CaOOAMICUS 005 20220512145706.0 008 180830s1786 it u000 u lat u 040 $aSeMil$bita 100 1 $aAlasia, Giuseppe Antonio,$d<1731-1812>.$0(OLS)http://semarc/name/472 245 10$aCommentaria de sacramentis in genere tum de baptismo, confirmatione, et eucharistia .. 260 $aAugustae Taurinorum :$bEx Typographia Mairesse,$c1786. 300 $a2 v. ;$c4°. 500 $aStemma del dedicatario Vittorio Gaetano Costa sui front. - Testo su due colonne. 650 4$aSacramenti - Teologia cattolica.$0(OLS)http://semarc/subject/113 700 1 $aMairesse, Giovanni Francesco,$c.$0(OLS)http://semarc/name/473 774 0 $t[Commentaria de baptismo, confirmatione, et eucharistia].$g1$w()49772 774 0 $tCommentaria de poenitentia, extrema unctione, ordine, et matrimonio.$g2$w()217646 996 $6245$aCommentaria de sacramentis in genere tum de baptismo, confirmatione, et eucharistia ..$9(OLS)http://semarc/title/888 996 $6260$aAugustae Taurinorum :$bEx Typographia Mairesse$9(OLS)http://semarc/publisher/29932